000 00693nam a2200241Ia 4500
005 20260430150444.0
008 008 250103s9999 xx 000 0 eng d
037 _aTheses
040 _aCRL
040 _beng
040 _ceng
041 _2eng
041 _aeng
084 _qCRL
100 _aPabbi Tanushree Au.; Susmita Gu.
_91237553
245 0 _aBhagavad Gita, Bhakti Movement and Indian Buddhism: A Study of the Connecting Contours and Their Impact on Mass Communication
260 _c2023
300 _a179P.
650 _aBuddhism
700 _aUniversity of Delhi. Faculty of Arts. Deptt. of Buddhist Studies
_91237554
942 _cDIS
999 _c1849820
_d1849820